000 00444nam a2200181Ia 4500
008 210210b2017 xxu||||| |||| 00| 0 eng d
020 _a9788184875690
041 _aeng
082 _a519.52 BANS
100 _aBANSAL (Archana)
245 _aSurvey sampling
260 _aNew Delhi
_bNarosa Publishing House
_c2017
300 _axii,324
650 _aSurvey
650 _asampling
690 _aMathematical Statistics
906 _a073042
999 _c122825
_d122825